Piłkarze Realu Madryt i ich Narodowości - Statystyki

Ogólne statystyki
  • Ten quiz został rozwiązany 4 173 razy
  • Średni wynik to 25 z 26
Statystyki odpowiedzi
Hint Odpowiedź % Poprawnych
Thibaut Courtois Belgia
99%
Eden Hazard Belgia
99%
Eder Militao Brazylia
99%
Marcelo Brazylia
99%
Casemiro Brazylia
99%
Vinicius Junior Brazylia
99%
Rodrygo Brazylia
99%
Ferland Mendy Francja
99%
Eduardo Camavinga Francja
99%
Karim Benzema Francja
99%
Nacho Fernandez Hiszpania
99%
Jesus Vallejo Hiszpania
99%
Miguel Gutierrez Hiszpania
99%
Daniel Carvajal Hiszpania
99%
Dani Ceballos Hiszpania
99%
Isco Hiszpania
99%
Marco Asensio Hiszpania
99%
Lucas Vazquez Hiszpania
99%
Toni Kroos Niemcy
99%
Luka Modrić Chorwacja
98%
Gareth Bale Walia
95%
Federico Valverde Urugwaj
94%
David Alaba Austria
93%
Andriy Lunin Ukraina
90%
Luka Jović Serbia
78%
Mariano Diaz Dominikana
50%
Nie znaleziono quizów pasujących do podanych kryteriów
Rozkład punktacji
Procent ludzi z każdym wynikiem
Percentyl według liczby udzielonych odpowiedzi
Twoja historia wyników
Nie rozwiązałeś tego quizu